C# for students

Đã lưu trong:
Sonraí Bibleagrafaíochta
Príomhúdar: Bell, Douglas
Formáid: Leabhar
Teanga:Undetermined
Foilsithe: London Addison-Wesley 2004
Ábhair:
Clibeanna: Cuir Clib Leis
Gan Chlibeanna, Bí ar an gcéad duine leis an taifead seo a chlibeáil!
Thư viện lưu trữ: Trung tâm Học liệu Trường Đại học Cần Thơ
LEADER 00565nam a2200193Ia 4500
001 CTU_212616
008 210402s9999 xx 000 0 und d
082 |a 005.133 
082 |b B433 
100 |a Bell, Douglas 
245 0 |a C# for students 
245 0 |c Douglas Bell 
260 |a London 
260 |b Addison-Wesley 
260 |c 2004 
650 |a C# (Computer program language) 
904 |i Truc 
910 |a Sách kèm đĩa AV.001836, AV.001835, AV.001833, AV.001834, AV.001832, AV.001831 
980 |a Trung tâm Học liệu Trường Đại học Cần Thơ